[Event "9. Bayer Sommeropen"]
[Site "Leverkusen"]
[Date "2025.08.15"]
[Round "1.1"]
[White "Korchynskyi, Mykola"]
[Black "Grünhagen, Marc"]
[Result "1-0"]
[WhiteElo "2346"]
[BlackElo "2032"]
[PlyCount "45"]
[GameId "2217913298039689"]
[EventDate "2025.??.??"]

1. d4 d5 2. c4 c6 3. Nf3 Nf6 4. e3 a6 5. b3 e6 6. Bd3 Nbd7 7. O-O b5 8. Nbd2 Bb7 9. c5 Qc7 10. Bb2 Be7 11. Rc1 e5 12. Nxe5 Nxe5 13. dxe5 Nd7 14. e6 Nxc5 15. exf7+ Kxf7 16. Qf3+ Ke8 17. Bf5 Nd7 18. Bxg7 Rg8 19. Qh5+ Kd8 20. Qxh7 Rxg7 21. Qxg7 Qd6 22. Ne4 Qe5 23. Qxe5 1-0

[Event "9. Bayer Sommeropen"]
[Site "Leverkusen"]
[Date "2025.08.15"]
[Round "1.2"]
[White "Kagan, Dennis"]
[Black "Coenen, Michael"]
[Result "1-0"]
[WhiteElo "2002"]
[BlackElo "2316"]
[PlyCount "101"]
[GameId "2217913298105226"]
[EventDate "2025.??.??"]

1. e4 c5 2. Nc3 Nc6 3. g3 g6 4. Bg2 Bg7 5. Nge2 d6 6. d3 Rb8 7. a4 a6 8. f4 Bd7 9. O-O b5 10. axb5 axb5 11. Nd5 e6 12. Ne3 Nge7 13. g4 Nd4 14. Ng3 b4 15. f5 Nec6 16. Nc4 Nb5 17. Kh1 O-O 18. Bf4 Qe7 19. g5 Bd4 20. f6 Qd8 21. Ne2 d5 22. exd5 exd5 23. Bxd5 Be6 24. Bxe6 fxe6 25. Nxd4 Nbxd4 26. Bd6 Ra8 27. Qg4 Rf7 28. Qe4 Rxa1 29. Rxa1 Qc8 30. Nb6 Qe8 31. Ra8 Nd8 32. Be7 Rxe7 33. fxe7 Qxe7 34. c3 bxc3 35. bxc3 Nf5 36. Nd5 Qxg5 37. Qxe6+ Kg7 38. Qf6+ Qxf6 39. Nxf6 Ne6 40. Ne4 Ne3 41. Ra7+ Kh6 42. Re7 Nf4 43. Nxc5 Nd1 44. c4 g5 45. Rd7 Kg6 46. Ne4 Kf5 47. c5 Ne3 48. c6 Ned5 49. c7 Nxc7 50. Rxc7 Nxd3 51. Nc5 1-0

[Event "9. Bayer Sommeropen"]
[Site "Leverkusen"]
[Date "2025.08.15"]
[Round "1.3"]
[White "Engel, Bruno"]
[Black "Eßer, Julian"]
[Result "0-1"]
[WhiteElo "2192"]
[BlackElo "1939"]
[PlyCount "112"]
[GameId "2217913298105227"]
[EventDate "2025.??.??"]

1. d4 Nf6 2. Bg5 d5 3. e3 e6 4. Nd2 Be7 5. Bd3 Nbd7 6. Ngf3 c5 7. c3 O-O 8. O-O b6 9. a4 Qc7 10. Qe2 Bb7 11. Bf4 Bd6 12. Bxd6 Qxd6 13. a5 e5 14. dxe5 Nxe5 15. Nxe5 Qxe5 16. Nf3 Qc7 17. b4 Rfd8 18. Rfd1 Ne4 19. a6 Bc6 20. Qc2 f5 21. c4 Kh8 22. b5 dxc4 23. Bxc4 Be8 24. Bd5 Rab8 25. Bxe4 fxe4 26. Qxe4 Rxd1+ 27. Rxd1 Rd8 28. Rxd8 Qxd8 29. h4 Bxb5 30. Ng5 Qg8 31. Qb7 h6 32. Nf7+ Kh7 33. Ne5 Qe6 34. f4 Qb3 35. Qe4+ Kg8 36. Ng6 Qd1+ 37. Kh2 Qd7 38. Qa8+ Qe8 39. Qd5+ Kh7 40. h5 Bc6 41. Qd6 Qe4 42. Qd2 c4 43. Nh4 Qd3 44. Qb4 c3 45. Qf8 Qe4 46. Qa3 c2 47. Qc3 b5 48. Kg3 b4 49. Qc5 b3 50. Ng6 Qxg2+ 51. Kh4 Qh1+ 52. Kg4 c1=Q 53. Qf8 Bd7+ 54. f5 Qcd1+ 55. Kf4 Qdf1+ 56. Ke5 Qxf5+ 0-1

[Event "9. Bayer Sommeropen"]
[Site "Leverkusen"]
[Date "2025.08.15"]
[Round "1.4"]
[White "Kerz, Markus"]
[Black "Prieb, Robert"]
[Result "1/2-1/2"]
[WhiteElo "1988"]
[BlackElo "2246"]
[PlyCount "111"]
[GameId "2217913298105228"]
[EventDate "2025.??.??"]

1. c4 e5 2. e3 Nf6 3. d4 exd4 4. exd4 d5 5. Nc3 Bb4 6. Bd3 O-O 7. Nge2 Nc6 8. O-O Bg4 9. Bg5 dxc4 10. Bxc4 Re8 11. Qb3 Kf8 12. f3 Bh5 13. Rfd1 h6 14. Bh4 Bd6 15. Qxb7 Nb4 16. Bxf6 Qxf6 17. Ne4 Qg6 18. Nxd6 Qxd6 19. Qb5 Bg6 20. Qc5 Qxc5 21. dxc5 Re5 22. Nf4 Rxc5 23. Nxg6+ fxg6 24. Bb3 Re8 25. Rd7 Re7 26. Rad1 Rce5 27. Rd8+ Re8 28. Rxe8+ Kxe8 29. a3 Na6 30. Bc4 Nc5 31. b4 Nb7 32. Kf2 Ke7 33. Bd3 g5 34. Rc1 Kd7 35. Rc4 Nd6 36. Rd4 Ke6 37. g4 a5 38. Bc4+ Kf6 39. Bd5 axb4 40. axb4 g6 41. Bc6 h5 42. h3 Re7 43. Be4 Re8 44. Ke3 Rb8 45. Kd3 Rb6 46. Ke3 Ra6 47. Rd3 Ra4 48. Rc3 Rxb4 49. Rxc7 Rb3+ 50. Bd3 h4 51. Rc6 Ke6 52. Kd4 Ke7 53. Rc7+ Kf6 54. Rc6 Ke7 55. Rc7+ Kf6 56. Rc6 1/2-1/2

[Event "9. Bayer Sommeropen"]
[Site "Leverkusen"]
[Date "2025.08.15"]
[Round "1.5"]
[White "Asadzade, Idris"]
[Black "Wulfken, Christof"]
[Result "1-0"]
[WhiteElo "2234"]
[BlackElo "1984"]
[PlyCount "59"]
[GameId "2217913298105229"]
[EventDate "2025.??.??"]

1. c4 Nf6 2. g3 e6 3. Nf3 d5 4. Bg2 c6 5. O-O Be7 6. d4 O-O 7. Nbd2 Nbd7 8. Qc2 b6 9. e4 dxe4 10. Nxe4 a5 11. Ne5 Bb7 12. Nxf6+ Bxf6 13. Bxc6 Bxc6 14. Nxc6 Qc7 15. d5 exd5 16. cxd5 Qd6 17. Rd1 Rac8 18. Bf4 Be5 19. Bxe5 Nxe5 20. Rac1 Kh8 21. Qe4 Nd7 22. Qd4 Rfe8 23. Rc3 Nc5 24. Re3 Rxe3 25. Qxe3 h6 26. Ne5 Qf6 27. d6 Rd8 28. Nc4 Kh7 29. Nxb6 Rxd6 30. Nd5 1-0

[Event "9. Bayer Sommeropen"]
[Site "Leverkusen"]
[Date "2025.08.15"]
[Round "1.6"]
[White "Feldhammer, Oskar"]
[Black "Menzel, Maximilian"]
[Result "1/2-1/2"]
[WhiteElo "1710"]
[BlackElo "2196"]
[PlyCount "147"]
[GameId "2217913298105230"]
[EventDate "2025.??.??"]

1. d4 Nf6 2. Bf4 d5 3. e3 c5 4. c3 Nc6 5. Nd2 cxd4 6. exd4 Bf5 7. Ngf3 e6 8. Be2 Bd6 9. Bg3 h6 10. O-O O-O 11. Re1 Bxg3 12. hxg3 Qc7 13. Bb5 Rfc8 14. Bxc6 Qxc6 15. Ne5 Qc7 16. Qe2 Rab8 17. a4 a6 18. Rec1 Ne4 19. Nd3 Nxd2 20. Qxd2 Bxd3 21. Qxd3 b5 22. axb5 axb5 23. b4 Qc4 24. Qxc4 Rxc4 25. Ra5 Rbc8 26. Rb1 Rxc3 27. Rxb5 Rc1+ 28. Rxc1 Rxc1+ 29. Kh2 h5 30. Rb8+ Kh7 31. b5 Rd1 32. Rf8 Kg6 33. b6 Rb1 34. Rb8 Kf5 35. f3 g5 36. b7 g4 37. Rh8 Rxb7 38. Rxh5+ Kg6 39. Rh4 gxf3 40. gxf3 Rb2+ 41. Kg1 Rd2 42. Rg4+ Kf6 43. Kf1 Ke7 44. Ke1 Rg2 45. Kf1 Ra2 46. Rg7 Rd2 47. Rg4 f5 48. Rh4 Kf6 49. Rh6+ Kf7 50. Rh4 Kg6 51. Ke1 Rg2 52. Rh8 Kg7 53. Rh3 f4 54. gxf4 Kg6 55. Rh8 Ra2 56. f5+ Kxf5 57. Rh4 Rb2 58. Rg4 Kf6 59. Kf1 Rd2 60. Ke1 Ra2 61. Kf1 Ke7 62. Ke1 Kd6 63. Rh4 Rb2 64. Rg4 Rh2 65. Kf1 Ra2 66. Ke1 Kd7 67. Rg7+ Kc6 68. Rg6 Kb5 69. Rxe6 Kc4 70. f4 Kxd4 71. f5 Kd3 72. f6 Ra4 73. Rd6 Rf4 74. Rxd5+ 1/2-1/2

[Event "9. Bayer Sommeropen"]
[Site "Leverkusen"]
[Date "2025.08.15"]
[Round "1.7"]
[White "Panjer, Sidney"]
[Black "Blomer, Moritz"]
[Result "1-0"]
[WhiteElo "2200"]
[BlackElo "1965"]
[PlyCount "83"]
[GameId "2217913298105231"]
[EventDate "2025.??.??"]

1. d4 Nf6 2. c4 g6 3. Nc3 d5 4. cxd5 Nxd5 5. Bd2 Bg7 6. e4 Nxc3 7. Bxc3 c5 8. d5 Bxc3+ 9. bxc3 Qa5 10. Qd2 e6 11. d6 e5 12. Bc4 Nc6 13. Ne2 Bg4 14. f3 Be6 15. Bxe6 fxe6 16. d7+ Ke7 17. Rd1 Nd4 18. cxd4 Qxd2+ 19. Kxd2 exd4 20. Rb1 b6 21. a4 Kxd7 22. Rb5 g5 23. Rhb1 Kc7 24. a5 Rab8 25. Nc1 e5 26. Nd3 Rhe8 27. Nb2 Re6 28. Nc4 h5 29. Kd3 Rb7 30. axb6+ axb6 31. Ra1 Kc6 32. Rb2 Kd7 33. Ra5 Kc7 34. Ra6 Rb8 35. Rb5 Rb7 36. h3 Rb8 37. Rxc5+ Kb7 38. Rca5 bxa5 39. Rxe6 g4 40. Rb6+ Kc7 41. Rxb8 Kxb8 42. Nxa5 1-0

[Event "9. Bayer Sommeropen"]
[Site "Leverkusen"]
[Date "2025.08.15"]
[Round "1.8"]
[White "Lambertz, Michael"]
[Black "Ramien, David"]
[Result "0-1"]
[WhiteElo "1951"]
[BlackElo "2243"]
[PlyCount "86"]
[GameId "2217913298105232"]
[EventDate "2025.??.??"]

1. e4 c5 2. c3 d5 3. exd5 Qxd5 4. d4 Nf6 5. Nf3 e6 6. Bd3 Nc6 7. O-O Be7 8. Be3 cxd4 9. Nxd4 Nxd4 10. Bxd4 e5 11. Be3 Ng4 12. Bc1 Be6 13. Qa4+ Bd7 14. Qe4 Qxe4 15. Bxe4 Bb5 16. Re1 Bc5 17. Be3 Nxe3 18. fxe3 O-O-O 19. a4 Bd3 20. Bf3 a6 21. Nd2 f5 22. Nf1 Kc7 23. b4 Ba7 24. c4 Kb8 25. Rac1 e4 26. Bd1 Rc8 27. Bb3 Rhf8 28. g3 f4 29. Kg2 f3+ 30. Kf2 a5 31. bxa5 Bc5 32. Red1 Rcd8 33. Bc2 Ba3 34. Ra1 Bxc2 35. Rxd8+ Rxd8 36. Rxa3 Rd1 37. Ra2 Bd3 38. Nd2 Rh1 39. Rb2 Rxh2+ 40. Kg1 Rg2+ 41. Kh1 Kc7 42. c5 Re2 43. c6 bxc6 0-1

[Event "9. Bayer Sommeropen"]
[Site "Leverkusen"]
[Date "2025.08.15"]
[Round "1.10"]
[White "Kühn, Viktoria"]
[Black "Breitkopf-Lazar, Patrick-Robert"]
[Result "1/2-1/2"]
[WhiteElo "1931"]
[BlackElo "2218"]
[PlyCount "84"]
[GameId "2217913298105234"]
[EventDate "2025.??.??"]

1. e4 e5 2. Nf3 Nc6 3. Bc4 Nf6 4. d3 Bc5 5. c3 d6 6. b4 Bb6 7. O-O O-O 8. h3 h6 9. Re1 Ne7 10. Be3 Ng6 11. a4 c6 12. Bb3 Re8 13. a5 Bc7 14. Qc2 d5 15. Na3 Be6 16. Rad1 b6 17. axb6 axb6 18. Nb1 Qe7 19. Bc1 dxe4 20. dxe4 Nh5 21. Be3 Nhf4 22. Nbd2 Qf6 23. Bxe6 Nxe6 24. Nc4 b5 25. Nd6 Red8 26. Nb7 Rxd1 27. Rxd1 Ngf4 28. Ne1 Qg6 29. Kh2 Rb8 30. Nc5 Nxc5 31. Bxc5 Ne6 32. Be3 Qf6 33. Nf3 Bb6 34. Bxb6 Rxb6 35. Qa2 Rb8 36. Qa7 Rf8 37. Kg1 Nf4 38. Qe3 Qg6 39. Ne1 Ra8 40. Kh2 Kh7 41. Qf3 Ra2 42. g3 Ne6 1/2-1/2

[Event "9. Bayer Sommeropen"]
[Site "Leverkusen"]
[Date "2025.08.15"]
[Round "1.11"]
[White "Schwibbert, Jonas"]
[Black "Scharff, Klaus"]
[Result "1-0"]
[WhiteElo "2153"]
[BlackElo "1928"]
[PlyCount "69"]
[GameId "2217913298121619"]
[EventDate "2025.??.??"]

1. c4 e6 2. g3 d6 3. Bg2 Nd7 4. d4 Ne7 5. Nc3 h6 6. h4 a6 7. h5 c6 8. Ne4 Ng8 9. Nf3 Ngf6 10. Nc3 Be7 11. Bf4 Qc7 12. e4 e5 13. Be3 Nb6 14. Qb3 Nbd7 15. Bh3 Nf8 16. Bxc8 Rxc8 17. dxe5 dxe5 18. Bb6 Qb8 19. Nh4 Ne6 20. Nf5 Bf8 21. O-O-O Nc5 22. Bxc5 Bxc5 23. Nxg7+ Kf8 24. Nf5 Ng4 25. Na4 Qa7 26. Rd7 Rb8 27. Qd1 Nf6 28. Rd8+ Rxd8 29. Qxd8+ Ne8 30. Rd1 Bxf2 31. Rd7 Bc5 32. Qc8 Bb4 33. c5 a5 34. Rxb7 Qa6 35. Rxf7+ 1-0

[Event "9. Bayer Sommeropen"]
[Site "Leverkusen"]
[Date "2025.08.15"]
[Round "1.12"]
[White "Henseler, Klaus"]
[Black "Mänken, Merlin"]
[Result "0-1"]
[WhiteElo "1926"]
[BlackElo "2177"]
[PlyCount "108"]
[GameId "2217913298121620"]
[EventDate "2025.??.??"]

1. Nf3 c5 2. e3 Nf6 3. b3 g6 4. Bb2 Bg7 5. Be2 O-O 6. O-O Nc6 7. d4 cxd4 8. Nxd4 Qc7 9. Nxc6 bxc6 10. c4 Ng4 11. Bxg4 Bxb2 12. Nd2 Bxa1 13. Qxa1 d5 14. Bf3 Bb7 15. Rc1 Qd6 16. Be2 Rac8 17. c5 Qc7 18. Nf3 Rce8 19. b4 e5 20. a4 f6 21. Qc3 Rd8 22. Rd1 Bc8 23. h3 Be6 24. b5 Rc8 25. Rc1 Rf7 26. Bf1 Qd8 27. Qb4 Rb8 28. Qc3 Qc7 29. Rb1 g5 30. Nd2 Qc8 31. b6 Rg7 32. a5 g4 33. hxg4 Bxg4 34. Rb4 Kh8 35. f3 Be6 36. Rh4 Qd8 37. Nb3 d4 38. exd4 f5 39. Rh6 Bxb3 40. Rd6 Qg8 41. dxe5 Bd5 42. e6 Qf8 43. Bc4 Bxc4 44. Qxc4 Qf6 45. Qd4 Qg5 46. Qb2 Qe3+ 47. Kf1 Qxc5 48. Rd7 Qc4+ 49. Kg1 Qc5+ 50. Kf1 Qb5+ 51. Qxb5 cxb5 52. e7 axb6 53. axb6 Rgg8 54. Rd5 Rxb6 0-1

[Event "9. Bayer Sommeropen"]
[Site "Leverkusen"]
[Date "2025.08.15"]
[Round "1.13"]
[White "Rechmann, Peter"]
[Black "Mazaheri Tehrani, Mehrdad"]
[Result "1-0"]
[WhiteElo "2174"]
[BlackElo "1921"]
[PlyCount "75"]
[GameId "2217913298121621"]
[EventDate "2025.??.??"]

1. Nf3 Nf6 2. c4 c5 3. Nc3 g6 4. g3 Bg7 5. Bg2 O-O 6. d4 cxd4 7. Nxd4 Nc6 8. Nc2 d6 9. O-O Be6 10. b3 Ng4 11. Bd2 Qb6 12. h3 Nf6 13. Na4 Qc7 14. Ne3 Qd7 15. Kh2 Rab8 16. Rc1 h5 17. Nc3 Nh7 18. Ncd5 f6 19. Bc3 g5 20. Qd2 h4 21. gxh4 gxh4 22. Rg1 Ne5 23. f4 Nc6 24. Qe1 Kf7 25. Be4 Rh8 26. f5 Bxf5 27. Bxf5 e6 28. Rxg7+ Kxg7 29. Qxh4 Ne5 30. Rg1+ Ng5 31. Rxg5+ fxg5 32. Bxe5+ dxe5 33. Qxg5+ Kf8 34. Qf6+ Qf7 35. Qxh8+ Qg8 36. Qxe5 Re8 37. Nf6 Qg5 38. Nh7+ 1-0

[Event "9. Bayer Sommeropen"]
[Site "Leverkusen"]
[Date "2025.08.15"]
[Round "1.14"]
[White "Weidert, Florian"]
[Black "Jügel, Marcel"]
[Result "1-0"]
[WhiteElo "1920"]
[BlackElo "2153"]
[PlyCount "105"]
[GameId "2217913298121622"]
[EventDate "2025.??.??"]

1. e4 e6 2. Nf3 b6 3. d4 Bb7 4. Bd3 c5 5. c3 Nf6 6. e5 Nd5 7. Ng5 Be7 8. Qh5 g6 9. Qh6 Bf8 10. Qh3 Be7 11. Qh6 Bf8 12. Qh3 Be7 13. Ne4 Nc6 14. Be3 cxd4 15. Bxd4 Nxd4 16. cxd4 Nf4 17. Qf3 Nxd3+ 18. Qxd3 Qc8 19. Nbd2 Ba6 20. Qe3 Qc6 21. f3 h6 22. Kf2 Kf8 23. Rhc1 Qb5 24. b3 Qd3 25. Rc7 Bh4+ 26. g3 Qxe3+ 27. Kxe3 Bd8 28. Rxd7 Bb5 29. Rxf7+ Kxf7 30. Nd6+ Ke7 31. Nxb5 a6 32. Nd6 Bc7 33. N2e4 Rhd8 34. Rc1 Bxd6 35. Nxd6 Rxd6 36. exd6+ Kxd6 37. Ke4 Rf8 38. f4 h5 39. h4 a5 40. a4 Rb8 41. b4 b5 42. bxa5 bxa4 43. Ra1 Rb4 44. a6 Kc6 45. Ke5 Kb6 46. Kxe6 Rxd4 47. Kf6 Kxa6 48. Kxg6 Kb5 49. Kxh5 Rd3 50. g4 Kb4 51. f5 Ra3 52. Rxa3 Kxa3 53. f6 1-0

[Event "9. Bayer Sommeropen"]
[Site "Leverkusen"]
[Date "2025.08.15"]
[Round "1.15"]
[White "Kiese, Matthias"]
[Black "Birnkott, Manfred"]
[Result "1-0"]
[WhiteElo "2065"]
[BlackElo "1918"]
[PlyCount "79"]
[GameId "2217913298121623"]
[EventDate "2025.??.??"]

1. d4 d5 2. Nf3 Nf6 3. c4 e6 4. Nc3 c6 5. cxd5 exd5 6. Qc2 Be7 7. Bg5 Nbd7 8. e3 O-O 9. Bd3 h6 10. Bh4 Re8 11. O-O Nf8 12. Rab1 Bg4 13. Ne5 Bh5 14. f4 Ng4 15. Bxe7 Qxe7 16. Rbe1 Nxe5 17. fxe5 Rad8 18. Ne2 Bg6 19. Bxg6 Nxg6 20. Ng3 Qe6 21. Nf5 Nh8 22. Rf3 Rd7 23. Ref1 Rf8 24. h4 f6 25. exf6 Rxf6 26. Nxh6+ gxh6 27. Rxf6 Qxe3+ 28. Qf2 Qxf2+ 29. R1xf2 Kg7 30. h5 Re7 31. Rd6 Nf7 32. Rg6+ Kh7 33. Rff6 c5 34. dxc5 d4 35. Re6 Rd7 36. Rd6 Nxd6 37. cxd6 Rf7 38. Rg4 Rd7 39. Rxd4 Kg7 40. Rg4+ 1-0

[Event "9. Bayer Sommeropen"]
[Site "Leverkusen"]
[Date "2025.08.15"]
[Round "1.16"]
[White "Boschek, Hans-Joachim"]
[Black "Tochtenhagen, Wolfgang"]
[Result "0-1"]
[WhiteElo "1915"]
[BlackElo "2088"]
[PlyCount "48"]
[GameId "2217913298121624"]
[EventDate "2025.??.??"]

1. d4 g6 2. c4 Bg7 3. Nc3 d6 4. e4 Nc6 5. Nf3 Bg4 6. Be3 e5 7. d5 Nd4 8. h3 Nxf3+ 9. gxf3 Bd7 10. Qd2 f5 11. exf5 Bxf5 12. Ne4 Bxe4 13. fxe4 Qh4 14. Bd3 Bh6 15. O-O-O Bxe3 16. Qxe3 Qf4 17. Rde1 Qxe3+ 18. Rxe3 Ke7 19. Be2 Rf8 20. Rf1 Rf4 21. Kd2 Nf6 22. Kd3 Rf8 23. b4 a5 24. bxa5 Nd7 0-1

[Event "9. Bayer Sommeropen"]
[Site "Leverkusen"]
[Date "2025.08.15"]
[Round "1.18"]
[White "Sutharjan, Dakxwin"]
[Black "Neumair, Jerome"]
[Result "0-1"]
[WhiteElo "1904"]
[BlackElo "2077"]
[PlyCount "170"]
[GameId "2217913298121626"]
[EventDate "2025.??.??"]

1. e4 e6 2. d4 d5 3. Nd2 c5 4. exd5 Qxd5 5. Ngf3 cxd4 6. Bc4 Qd6 7. O-O Nf6 8. Nb3 Nc6 9. Nbxd4 Nxd4 10. Qxd4 Qxd4 11. Nxd4 Bd7 12. Bg5 Rc8 13. Bd3 Bc5 14. Nb3 Bb6 15. Rfe1 O-O 16. Rad1 Bc6 17. Be3 Bxe3 18. Rxe3 Nd5 19. Ree1 Nf4 20. Be4 Bxe4 21. Rxe4 Rfd8 22. Rxd8+ Rxd8 23. f3 g5 24. g3 Nd5 25. Rd4 Rc8 26. c3 Rc6 27. c4 Nb4 28. a3 Na6 29. Na5 Rc7 30. b4 b6 31. Nb3 Kf8 32. b5 Nc5 33. Nxc5 Rxc5 34. Rd7 Rxc4 35. Rxa7 Rc3 36. Kg2 Rb3 37. a4 Rb4 38. Ra6 h5 39. Rxb6 Rxa4 40. Rb8+ Ke7 41. b6 Rb4 42. b7 g4 43. f4 Rb2+ 44. Kf1 Kf6 45. Ke1 Kf5 46. Kd1 Ke4 47. Kc1 Rb4 48. Kc2 Kf3 49. Kd3 Kg2 50. Rh8 Rxb7 51. Rxh5 Rb1 52. Ke4 Re1+ 53. Kd4 Rh1 54. f5 Rxh2 55. Rg5 exf5 56. Rxf5 Rh7 57. Ke3 Kxg3 58. Ke2 Kg2 59. Rf2+ Kh3 60. Rf1 Kg3 61. Rg1+ Kf4 62. Rf1+ Kg5 63. Kf2 f5 64. Kg2 Rb7 65. Rf2 Rb3 66. Ra2 Kh4 67. Rf2 Rg3+ 68. Kh2 Rf3 69. Ra2 f4 70. Ra8 Rf2+ 71. Kg1 Rb2 72. Ra3 f3 73. Ra1 Kh3 74. Rd1 Rg2+ 75. Kh1 g3 76. Rd8 Rh2+ 77. Kg1 f2+ 78. Kf1 Rh1+ 79. Ke2 f1=Q+ 80. Ke3 Qf2+ 81. Ke4 Re1+ 82. Kd5 Qd2+ 83. Kc6 Rc1+ 84. Kb7 Qb2+ 85. Ka7 Ra1# 0-1

[Event "9. Bayer Sommeropen"]
[Site "Leverkusen"]
[Date "2025.08.15"]
[Round "1.19"]
[White "Germund, Marlon"]
[Black "Atar, Efecan"]
[Result "1/2-1/2"]
[WhiteElo "2076"]
[BlackElo "1902"]
[PlyCount "38"]
[GameId "2217913298121627"]
[EventDate "2025.??.??"]

1. d4 e6 2. Nf3 d5 3. g3 Nf6 4. Bg2 Be7 5. O-O O-O 6. c4 dxc4 7. Qc2 c5 8. dxc5 Bxc5 9. Qxc4 Qb6 10. a3 a5 11. Nc3 Bd7 12. Ne5 Rc8 13. Qh4 Nc6 14. Na4 Qb5 15. Nxc5 Qxc5 16. Nxd7 Nxd7 17. Be3 Qb5 18. Rad1 Nde5 19. Rd2 Nc4 1/2-1/2

[Event "9. Bayer Sommeropen"]
[Site "Leverkusen"]
[Date "2025.08.15"]
[Round "1.20"]
[White "Kock, Sebastian"]
[Black "Sheng, Ming"]
[Result "0-1"]
[WhiteElo "1900"]
[BlackElo "2031"]
[PlyCount "58"]
[GameId "2217913298121628"]
[EventDate "2025.??.??"]

1. d4 d5 2. c4 e6 3. Nc3 Nf6 4. cxd5 Nxd5 5. e4 Nxc3 6. bxc3 c5 7. Nf3 cxd4 8. cxd4 Bb4+ 9. Bd2 Bxd2+ 10. Qxd2 O-O 11. Be2 b6 12. O-O Bb7 13. Qe3 Nd7 14. e5 h6 15. Nd2 Qg5 16. Bf3 Bxf3 17. Nxf3 Qxe3 18. fxe3 Rac8 19. Rac1 b5 20. Nd2 Nb6 21. Kf2 Nd5 22. a3 Nc3 23. Nb3 Rc4 24. Nc5 f6 25. Ke1 Nd5 26. Rxc4 bxc4 27. e4 Ne3 28. Nxe6 Re8 29. Nxg7 Kxg7 0-1

[Event "9. Bayer Sommeropen"]
[Site "Leverkusen"]
[Date "2025.08.15"]
[Round "1.21"]
[White "Asadzade, Muhammed"]
[Black "Depping, Thomas"]
[Result "1-0"]
[WhiteElo "1895"]
[BlackElo "1796"]
[PlyCount "85"]
[GameId "2217913298121629"]
[EventDate "2025.??.??"]

1. d4 Nf6 2. c4 g6 3. Nf3 Bg7 4. g3 O-O 5. Bg2 d6 6. O-O Nbd7 7. Nc3 c5 8. e4 a6 9. d5 Qc7 10. h3 Rb8 11. a4 Nb6 12. Qe2 e5 13. Rd1 Bd7 14. Be3 Nc8 15. Nd2 Nh5 16. g4 Nf4 17. Bxf4 exf4 18. Nf3 Re8 19. Qd3 Qd8 20. Re1 f6 21. a5 b5 22. axb6 Qxb6 23. Ra2 a5 24. Rea1 a4 25. Ne1 Qb4 26. Nc2 Qb3 27. Ra3 Qb6 28. Qd2 Qa5 29. R3a2 Nb6 30. Bf1 g5 31. Na3 Qb4 32. Qd3 Bf8 33. Nab5 Bxb5 34. Nxb5 Rb7 35. Qc2 Qb3 36. Qxb3 axb3 37. Ra3 Rxe4 38. Bd3 Rxc4 39. Bxc4 Nxc4 40. Rxb3 Nd2 41. Rd3 Nc4 42. Na3 Rxb2 43. Nxc4 1-0

[Event "9. Bayer Sommeropen"]
[Site "Leverkusen"]
[Date "2025.08.15"]
[Round "1.22"]
[White "Rausch, Linus"]
[Black "Ye, Philipp"]
[Result "1/2-1/2"]
[WhiteElo "1760"]
[BlackElo "1888"]
[PlyCount "95"]
[GameId "2217913298121630"]
[EventDate "2025.??.??"]

1. e4 c6 2. d4 d5 3. e5 Bf5 4. Nf3 e6 5. Be2 c5 6. c3 cxd4 7. cxd4 Ne7 8. O-O Nbc6 9. a3 Bg4 10. Be3 Nf5 11. Nbd2 a5 12. Bb5 Be7 13. Qa4 Qb6 14. Rfc1 Rc8 15. Rc3 O-O 16. Rb3 Qc7 17. Rc1 Nxe3 18. fxe3 f6 19. Rbc3 Qb6 20. Bxc6 Rxc6 21. Rxc6 bxc6 22. exf6 Rxf6 23. b3 Bxf3 24. Nxf3 Qb5 25. Qxb5 cxb5 26. a4 bxa4 27. bxa4 Bb4 28. Rc6 h6 29. Kf2 Kf8 30. Ke2 Ke8 31. Ne5 Kd8 32. Ra6 g5 33. Ra7 Kc8 34. Nc6 Bd6 35. g3 h5 36. Nxa5 h4 37. gxh4 gxh4 38. Rh7 Bxh2 39. Rxh4 Bg3 40. Rh8+ Kc7 41. Nb3 Rf2+ 42. Kd3 Ra2 43. Nc5 e5 44. Rh7+ Kc6 45. Rh6+ Kc7 46. Rh7+ Kc6 47. Rh6+ Kc7 48. Rh7+ 1/2-1/2

[Event "9. Bayer Sommeropen"]
[Site "Leverkusen"]
[Date "2025.08.15"]
[Round "1.23"]
[White "Bartsch, Jan"]
[Black "Gail, Edgar"]
[Result "1-0"]
[WhiteElo "1885"]
[BlackElo "1764"]
[PlyCount "87"]
[GameId "2217913298121631"]
[EventDate "2025.??.??"]

1. d4 d5 2. Nc3 e6 3. Bf4 c5 4. e3 a6 5. Nf3 Nc6 6. Be2 Nf6 7. O-O Be7 8. h3 O-O 9. a3 c4 10. Ne5 Nxe5 11. dxe5 Nd7 12. e4 Nb6 13. exd5 exd5 14. Be3 Bf5 15. Bxb6 Qxb6 16. Nxd5 Qc5 17. Nxe7+ Qxe7 18. Bxc4 Qxe5 19. Qf3 b5 20. Rfe1 Qc5 21. Bb3 Bg6 22. c3 Rad8 23. Rad1 Bh5 24. g4 Bg6 25. Qb7 h5 26. Qxa6 Qg5 27. Rxd8 Rxd8 28. Qb6 Rd2 29. Qb8+ Rd8 30. Re8+ Rxe8 31. Qxe8+ Kh7 32. Qe2 hxg4 33. hxg4 Qf4 34. Bc2 Qc1+ 35. Bd1 Qb1 36. Kh2 Bd3 37. Qd2 Be4 38. Kg3 Qa2 39. Bc2 Qe6 40. Bxe4+ Qxe4 41. f3 Qe5+ 42. Kg2 Qf6 43. Qd3+ g6 44. Qxb5 1-0

[Event "9. Bayer Sommeropen"]
[Site "Leverkusen"]
[Date "2025.08.15"]
[Round "1.24"]
[White "Baßenhoff, Aljoscha"]
[Black "Tonev, Vasil"]
[Result "1-0"]
[WhiteElo "1737"]
[BlackElo "1843"]
[PlyCount "121"]
[GameId "2217913298121632"]
[EventDate "2025.??.??"]

1. d4 d5 2. Nc3 Nf6 3. Bf4 c5 4. e4 cxd4 5. Qxd4 Nc6 6. Bb5 Bd7 7. Bxc6 Bxc6 8. e5 Ne4 9. e6 f6 10. Nge2 Qb6 11. Nxe4 dxe4 12. Qxb6 axb6 13. Nc3 O-O-O 14. h4 g6 15. h5 g5 16. Be3 Bh6 17. g4 Kc7 18. Ne2 Rd5 19. Nd4 Rhd8 20. O-O-O Bf8 21. Rd2 R8d6 22. c4 Ra5 23. Kb1 Re5 24. Rhd1 b5 25. b3 bxc4 26. bxc4 Ba4 27. Rc1 Bc6 28. Rb2 Rexe6 29. Nxe6+ Rxe6 30. Bb6+ Kc8 31. c5 Re5 32. Rd2 Rd5 33. Rxd5 Bxd5 34. Rd1 e6 35. Rd4 Kd7 36. Ra4 Kc6 37. Ra8 Bxc5 38. Bxc5 Kxc5 39. Rf8 e3 40. fxe3 Bf3 41. Rxf6 Bxg4 42. h6 Kd6 43. Rf7 Bf5+ 44. Kc1 b5 45. a3 g4 46. Rg7 Kd5 47. Kd2 Kc4 48. e4 Bxe4 49. Rxg4 Kd5 50. Kc3 Bf5 51. Rg8 e5 52. Kb4 Bd3 53. Rd8+ Ke4 54. Kc3 Bb1 55. Rd1 Ba2 56. Rd7 Kf3 57. Rxh7 e4 58. Rf7+ Bxf7 59. h7 e3 60. h8=Q Bc4 61. Qh1+ 1-0

[Event "9. Bayer Sommeropen"]
[Site "Leverkusen"]
[Date "2025.08.15"]
[Round "1.25"]
[White "Freiknecht, Holger"]
[Black "Milz, Ulrich"]
[Result "1-0"]
[WhiteElo "1879"]
[BlackElo "1739"]
[PlyCount "46"]
[GameId "2217913298121633"]
[EventDate "2025.??.??"]

1. e4 e6 2. d4 b6 3. Nf3 Bb7 4. Bd3 h6 5. O-O Nf6 6. Re1 Nc6 7. a3 Ne7 8. e5 Nh7 9. c4 f5 10. exf6 Nxf6 11. Ne5 d6 12. Ng6 Nxg6 13. Bxg6+ Kd7 14. d5 Nxd5 15. cxd5 Bxd5 16. Nc3 Qf6 17. Nxd5 Qxg6 18. Nf4 Qf5 19. Nxe6 Re8 20. Nd4 Rxe1+ 21. Qxe1 Qe5 22. Qd1 a6 23. Qg4+ Ke7 1-0

[Event "9. Bayer Sommeropen"]
[Site "Leverkusen"]
[Date "2025.08.15"]
[Round "1.26"]
[White "Teng, David"]
[Black "Enke, Nils"]
[Result "1/2-1/2"]
[WhiteElo "1737"]
[BlackElo "1800"]
[PlyCount "87"]
[GameId "2217913298121634"]
[EventDate "2025.??.??"]

1. e4 c5 2. Nf3 Nc6 3. d4 cxd4 4. Nxd4 Nf6 5. Nc3 e5 6. Ndb5 d6 7. Bg5 a6 8. Na3 b5 9. Nd5 Be7 10. Bxf6 Bxf6 11. c3 Bg5 12. Bd3 Be6 13. O-O Bxd5 14. exd5 Ne7 15. c4 b4 16. Nc2 a5 17. Ne3 O-O 18. Qg4 Ng6 19. g3 Bxe3 20. fxe3 Qb6 21. Rae1 Rae8 22. h4 e4 23. Bxe4 Ne5 24. Qf4 Nxc4 25. Bxh7+ Kxh7 26. Qxc4 Rxe3 27. Kg2 f6 28. Qf4 Rfe8 29. Qf2 Qd4 30. Rxe3 Qxe3 31. Qf5+ Kh6 32. Rf3 Qd2+ 33. Rf2 Re2 34. Rxe2 Qxe2+ 35. Kh3 Qe5 36. g4 g6 37. g5+ Kg7 38. Qd7+ Kf8 39. Qd8+ Kf7 40. Qd7+ Qe7 41. Qxe7+ Kxe7 42. Kg4 f5+ 43. Kf4 Kf7 44. b3 1/2-1/2